Vývoj smeruje k výrazne ľahšej obsluhe

Nové technológie v predajniach dosahujú rýchly pokrok. Výrazné pokroky vo vývoji softvérových aj hardvérových riešení. Váhy s veľkým displejom, ovládané dotykom. Elektronické cenovky sa zatiaľ používajú len sporadicky.

Guardado en:
Detalles Bibliográficos
Autor principal: Raševová, Kristína
Formato: Capítulo de libro
Lenguaje:eslovaco
Materias:
Etiquetas: Agregar Etiqueta
Sin Etiquetas, Sea el primero en etiquetar este registro!

MARC

LEADER 00000naa a2200000 4500
001 0235265
005 20200305102734.2
041 0 |a slo 
044 |a CZ 
245 1 0 |a Vývoj smeruje k výrazne ľahšej obsluhe  |c Kristína Raševová 
520 |a Nové technológie v predajniach dosahujú rýchly pokrok. Výrazné pokroky vo vývoji softvérových aj hardvérových riešení. Váhy s veľkým displejom, ovládané dotykom. Elektronické cenovky sa zatiaľ používajú len sporadicky. 
610 2 0 |a predajne 
610 2 0 |a technológie nové 
610 2 0 |a technológie obchodné 
100 1 |a Raševová, Kristína